| 000 | 00992nam0a22002531 4500 | ||
|---|---|---|---|
| 001 | rc\472140 | ||
| 005 | 20260407094101.0 | ||
| 035 | _a(NLR Aleph) 005715682 | ||
| 090 |
_a7424929 _c7424929 |
||
| 100 | _a20030616d1988 |||y0rusy50 ca | ||
| 101 | 0 | _arus | |
| 102 | _aRU | ||
| 105 | _ay ||||||||| | ||
| 200 | 1 |
_aИшемическая болезнь сердца и нарушения сердечного ритма _eСб. науч. тр. _fСвердлов. гос. мед. ин-т _gПод ред. С.С. Бараца, Е.Д. Рождественской |
|
| 210 |
_aСвердловск _cСГМИ _d1988 |
||
| 215 |
_a140 с. _d20 |
||
| 320 | _aБиблиогр. в конце ст. | ||
| 702 | 1 |
_aБарац _bС.С. _gСоломон Самойлович _4340 |
|
| 712 | 0 | 2 |
_aСвердловский медицинский институт _3RU\NLR\AUTH\889917898 _9331936 |
| 801 | 0 |
_aRU _bNLR _gpsbo |
|
| 801 | 1 |
_aRU _bELAR _2rusmarc |
|
| 852 |
_aNLR _j89-3/7216 |
||
| 942 | _cBOOK | ||
| 980 | _aNB | ||